[Event "Chojnice op"]
[Site "Chojnice"]
[Date "2009.07.13"]
[Round "4"]
[White "Michalska, Maria"]
[Black "Wisniewski, Adam"]
[Result "1-0"]
[WhiteElo "2047"]
[BlackElo "2099"]
[PlyCount "63"]
[EventDate "2009.07.11"]
[EventType "swiss"]
[EventRounds "9"]
[EventCountry "POL"]
[SourceTitle "CBM 131 Extra"]
[Source "ChessBase"]
[SourceDate "2009.09.03"]
[SourceVersion "2"]
[SourceVersionDate "2009.09.16"]
[SourceQuality "1"]

1. Nf3 Nf6 2. g3 g6 3. Bg2 Bg7 4. c4 0-0 5. 0-0 d6 6. Nc3 Nc6 7. d4 a6 8. e4 e5 9. a3 Bg4 10. d5 Nd4 11. Be3 Nh5 12. Bxd4 exd4 13. Ne2 c5 14. dxc6 bxc6 15. Nfxd4 Bxd4 16. Qxd4 Bxe2 17. Rfe1 c5 18. Qc3 Bg4 19. h3 Be6 20. Rad1 Qb6 21. f4 Rab8 22. f5 Bc8 23. g4 Ng7 24. Re2 Re8 25. Qg3 Qb3 26. Qxd6 Qxc4 27. Rf2 Bb7 28. e5 Bxg2 29. Rxg2 Qb5 30. e6 Rbd8 31. exf7+ Kxf7 32. Qc7+ 1-0

[Event "Chojnice op"]
[Site "Chojnice"]
[Date "2009.07.11"]
[Round "1"]
[White "Kiedrowicz, Jan"]
[Black "Michalska, Maria"]
[Result "1/2-1/2"]
[WhiteElo "2312"]
[BlackElo "2047"]
[PlyCount "31"]
[EventDate "2009.07.11"]
[EventType "swiss"]
[EventRounds "9"]
[EventCountry "POL"]
[SourceTitle "CBM 131 Extra"]
[Source "ChessBase"]
[SourceDate "2009.09.03"]
[SourceVersion "2"]
[SourceVersionDate "2009.09.16"]
[SourceQuality "1"]

1. d4 Nf6 2. Nf3 g6 3. g3 Bg7 4. Bg2 0-0 5. 0-0 d5 6. Bf4 c6 7. c3 Bf5 8. Nbd2 Ne4 9. Be5 Nd7 10. Bxg7 Kxg7 11. Nh4 Ndf6 12. Nhf3 Qc8 13. Ne5 Bh3 14. f3 Bxg2 15. Kxg2 Nxd2 16. Qxd2 1/2-1/2

[Event "POL-chT3 Kujawsko Pomorskie 0809"]
[Site "Poland"]
[Date "2009.01.25"]
[Round "6.36"]
[White "Michalska, Maria"]
[Black "Lewandowska, Anika"]
[Result "1/2-1/2"]
[WhiteElo "2047"]
[BlackElo "1926"]
[PlyCount "51"]
[EventDate "2008.11.09"]
[EventType "team-tourn"]
[EventRounds "11"]
[EventCountry "POL"]
[SourceTitle "EXT 2019"]
[Source "ChessBase"]
[SourceDate "2018.10.10"]
[SourceVersion "1"]
[SourceVersionDate "2018.10.10"]
[SourceQuality "1"]

1. Nf3 d5 2. g3 Nd7 3. d4 e6 4. Bg2 Bd6 5. c4 c6 6. Qc2 f5 7. Bf4 Ndf6 8. Be5 Nh6 9. Nbd2 Nf7 10. 0-0 Bxe5 11. Nxe5 Nxe5 12. dxe5 Ng4 13. Nf3 0-0 14. e3 g5 15. h3 Nh6 16. Nd4 g4 17. cxd5 cxd5 18. Rfd1 Qb6 19. Rac1 Nf7 20. hxg4 fxg4 21. e4 Nxe5 22. exd5 Nf3+ 23. Bxf3 gxf3 24. Nxe6 Bxe6 25. dxe6 Qxe6 26. Qc4 1/2-1/2

[Event "POL-chT3 Kujawsko Pomorskie 0809"]
[Site "Poland"]
[Date "2008.12.21"]
[Round "4.30"]
[White "Michalska, Maria"]
[Black "Przybielska, Agnieszka"]
[Result "1-0"]
[WhiteElo "2047"]
[BlackElo "1580"]
[PlyCount "81"]
[EventDate "2008.11.09"]
[EventType "team-tourn"]
[EventRounds "11"]
[EventCountry "POL"]
[SourceTitle "EXT 2019"]
[Source "ChessBase"]
[SourceDate "2018.10.10"]
[SourceVersion "1"]
[SourceVersionDate "2018.10.10"]
[SourceQuality "1"]

1. Nf3 c6 2. g3 d5 3. Bg2 Nf6 4. d3 Bg4 5. Nbd2 e6 6. c3 Nbd7 7. Qc2 Bd6 8. 0-0 Qc7 9. e4 0-0-0 10. d4 dxe4 11. Nxe4 Nxe4 12. Qxe4 Nf6 13. Qc2 h6 14. c4 g5 15. Qa4 a6 16. b4 Ne4 17. Re1 Bf5 18. Bb2 Rhg8 19. b5 Qb6 20. Rac1 c5 21. Qb3 Bc7 22. bxa6 Qxa6 23. d5 Rd6 24. Be5 Rb6 25. Qe3 f6 26. Bxc7 Kxc7 27. Re2 Qa5 28. Nh4 Re8 29. Bxe4 Bxe4 30. Qxe4 gxh4 31. Qxh4 Qa3 32. Rce1 e5 33. Qxh6 Qd3 34. Qe3 Qd4 35. f4 Qxc4 36. Rc1 Qa6 37. Qxc5+ Kb8 38. Qc4 Rb1 39. Qc7+ Ka8 40. Rxb1 Rb8 41. Reb2 1-0

[Event "POL-chT3 Kujawsko Pomorskie 0809"]
[Site "Poland"]
[Date "2008.12.07"]
[Round "3.18"]
[White "Tarczykowska, Monika"]
[Black "Michalska, Maria"]
[Result "0-1"]
[WhiteElo "1686"]
[BlackElo "2047"]
[PlyCount "52"]
[EventDate "2008.11.09"]
[EventType "team-tourn"]
[EventRounds "11"]
[EventCountry "POL"]
[SourceTitle "EXT 2019"]
[Source "ChessBase"]
[SourceDate "2018.10.10"]
[SourceVersion "1"]
[SourceVersionDate "2018.10.10"]
[SourceQuality "1"]

1. d4 Nf6 2. g3 g6 3. Bg2 Bg7 4. c4 c6 5. Nc3 d6 6. e4 Nbd7 7. Nge2 0-0 8. 0-0 e5 9. d5 c5 10. f4 exf4 11. Bxf4 Ne8 12. Qd2 Ne5 13. b3 a6 14. Rae1 Bd7 15. Nd1 b5 16. Nb2 a5 17. Nc3 a4 18. Kh1 axb3 19. axb3 Ra3 20. Bxe5 Bxe5 21. Qc2 Qa5 22. Re3 Bd4 23. Rd3 Nc7 24. Nxb5 Nxb5 25. cxb5 Ra2 26. Rb1 Rxb2 0-1

[Event "Chojnice op-A 4th"]
[Site "Chojnice"]
[Date "2008.07.16"]
[Round "6"]
[White "Lada, Ireneusz"]
[Black "Michalska, Maria"]
[Result "0-1"]
[WhiteElo "2166"]
[BlackElo "2033"]
[PlyCount "78"]
[EventDate "2008.07.12"]
[EventType "swiss"]
[EventRounds "9"]
[EventCountry "POL"]
[SourceTitle "EXT 2018"]
[Source "ChessBase"]
[SourceDate "2017.10.13"]
[SourceVersion "1"]
[SourceVersionDate "2017.10.13"]
[SourceQuality "1"]

1. c4 Nf6 2. Nc3 g6 3. Nf3 Bg7 4. g3 d6 5. Bg2 e5 6. 0-0 0-0 7. d4 Nc6 8. h3 Nd7 9. d5 Ne7 10. e4 f5 11. Ng5 Nf6 12. Qb3 Rb8 13. Be3 b6 14. Rad1 h6 15. Ne6 Bxe6 16. dxe6 f4 17. gxf4 exf4 18. Bc1 Nh7 19. Nb5 Kh8 20. Nd4 c5 21. Nf3 Nc6 22. Qd3 Nd4 23. Kh2 Nxf3+ 24. Bxf3 Be5 25. Rg1 Rf6 26. Kg2 Ng5 27. Bg4 Qe7 28. Kf1 Nxe6 29. Bxe6 Qxe6 30. Ke1 Re8 31. Rh1 Bd4 32. f3 d5 33. cxd5 Qxd5 34. b3 Qg5 35. Kd2 Qg2+ 36. Qe2 Be3+ 37. Kd3 Rd6+ 38. Kc3 Qxe2 39. Rxd6 Bd4+ 0-1

[Event "Chojnice op-A 4th"]
[Site "Chojnice"]
[Date "2008.07.14"]
[Round "4"]
[White "Wisniewski, Adam"]
[Black "Michalska, Maria"]
[Result "1/2-1/2"]
[WhiteElo "2090"]
[BlackElo "2033"]
[PlyCount "40"]
[EventDate "2008.07.12"]
[EventType "swiss"]
[EventRounds "9"]
[EventCountry "POL"]
[SourceTitle "EXT 2018"]
[Source "ChessBase"]
[SourceDate "2017.10.13"]
[SourceVersion "1"]
[SourceVersionDate "2017.10.13"]
[SourceQuality "1"]

1. e4 d5 2. exd5 Qxd5 3. Nc3 Qa5 4. d4 Nf6 5. Nf3 Bf5 6. Bb5+ c6 7. Bd3 e6 8. 0-0 Bd6 9. Re1 Nbd7 10. d5 Bg4 11. dxe6 Bxe6 12. Bc4 Ke7 13. Bxe6 fxe6 14. Qe2 e5 15. Bf4 Rhe8 16. Bxe5 Nxe5 17. Nxe5 Kf8 18. f4 Qb6+ 19. Kh1 Qxb2 20. Na4 Qb4 1/2-1/2

[Event "Chojnice op-A 4th"]
[Site "Chojnice"]
[Date "2008.07.12"]
[Round "1"]
[White "Michalska, Maria"]
[Black "Gunajew, Rafal"]
[Result "0-1"]
[WhiteElo "2033"]
[BlackElo "2241"]
[PlyCount "46"]
[EventDate "2008.07.12"]
[EventType "swiss"]
[EventRounds "9"]
[EventCountry "POL"]
[SourceTitle "EXT 2018"]
[Source "ChessBase"]
[SourceDate "2017.10.13"]
[SourceVersion "1"]
[SourceVersionDate "2017.10.13"]
[SourceQuality "1"]

1. Nf3 Nc6 2. g3 e5 3. d3 g6 4. Bg2 Bg7 5. e4 Nge7 6. c4 d6 7. Nc3 0-0 8. Be3 f5 9. Qd2 Nd4 10. Ng5 h6 11. Nh3 Kh7 12. 0-0-0 c6 13. f4 Rb8 14. Nf2 b5 15. Bxd4 exd4 16. Ne2 Qb6 17. h3 Be6 18. cxb5 Bxa2 19. exf5 Rxf5 20. Ne4 Rxb5 21. b4 Bd5 22. Nxd6 Rxb4 23. Bxd5 Rb1+ 0-1

[Event "Chojnice op-A"]
[Site "Chojnice"]
[Date "2005.07.21"]
[Round "8"]
[White "Michalska, Maria"]
[Black "Shishkin, Vadim"]
[Result "0-1"]
[WhiteElo "2076"]
[BlackElo "2507"]
[PlyCount "140"]
[EventDate "2005.07.16"]
[EventType "swiss"]
[EventRounds "9"]
[EventCountry "POL"]
[SourceTitle "CBM 107 Extra"]
[Source "ChessBase"]
[SourceDate "2005.09.01"]
[SourceVersion "1"]
[SourceVersionDate "2005.09.01"]
[SourceQuality "1"]

1. Nf3 Nf6 2. g3 g6 3. Bg2 Bg7 4. c4 d5 5. cxd5 Nxd5 6. Nc3 Nb6 7. d3 0-0 8. 0-0 e5 9. Bg5 f6 10. Qb3+ Kh8 11. Be3 Re8 12. Rac1 Be6 13. Qc2 c6 14. Rfd1 Nd5 15. Nxd5 Bxd5 16. b3 Nd7 17. Qd2 Qe7 18. Bh6 Bxh6 19. Qxh6 Rad8 20. e4 Bf7 21. d4 exd4 22. Rxd4 c5 23. Rd2 Nf8 24. Qe3 b6 25. Qc3 Rxd2 26. Nxd2 Ne6 27. e5 Nd4 28. Re1 fxe5 29. f4 Qd7 30. fxe5 Bd5 31. Ne4 Bxe4 32. Rxe4 Ne6 33. Bf3 Nd4 34. Bg4 Qxg4 35. Qxd4 Qf3 36. Qe3 Qxe3+ 37. Rxe3 Kg7 38. Kf2 Kf7 39. Kf3 Ke6 40. Kf4 Rf8+ 41. Kg5 Rf5+ 42. Kh6 Rh5+ 43. Kg7 Rxh2 44. a4 g5 45. a5 g4 46. axb6 axb6 47. Re4 Rh5 48. Rxg4 Kxe5 49. b4 Kd5 50. bxc5 bxc5 51. Kf6 c4 52. Rg7 c3 53. g4 Rh1 54. Rc7 Kd4 55. g5 Kd3 56. Rd7+ Ke3 57. Rc7 Kd2 58. Rd7+ Kc1 59. Kg7 c2 60. Kh8 Rh5 61. Rg7 Kd2 62. Rd7+ Kc1 63. Rg7 Rh3 64. Rxh7 Rg3 65. Rg7 Kd2 66. Rd7+ Rd3 67. Rc7 Rc3 68. Rd7+ Ke2 69. Re7+ Kf2 70. Rf7+ Kg2 0-1

[Event "Chojnice op-A"]
[Site "Chojnice"]
[Date "2005.07.20"]
[Round "7"]
[White "Gasik, Adam"]
[Black "Michalska, Maria"]
[Result "0-1"]
[WhiteElo "2148"]
[BlackElo "2076"]
[PlyCount "106"]
[EventDate "2005.07.16"]
[EventType "swiss"]
[EventRounds "9"]
[EventCountry "POL"]
[SourceTitle "CBM 107 Extra"]
[Source "ChessBase"]
[SourceDate "2005.09.01"]
[SourceVersion "1"]
[SourceVersionDate "2005.09.01"]
[SourceQuality "1"]

1. e4 d5 2. exd5 Qxd5 3. Nc3 Qa5 4. d4 Nf6 5. Bc4 Bg4 6. Nge2 e6 7. 0-0 c6 8. h3 Bh5 9. a3 Nbd7 10. Bf4 g5 11. Bh2 b5 12. b4 Qb6 13. Bb3 Be7 14. Qd2 h6 15. Ng3 Bg6 16. Rfe1 0-0 17. f4 gxf4 18. Qxf4 Kh7 19. Kh1 Nd5 20. Nxd5 cxd5 21. h4 Nf6 22. c3 Rac8 23. Qf3 Ne4 24. h5 Rxc3 25. Re3 Qxd4 26. Rxc3 Nxc3 27. Rc1 Ne4 28. Bg1 Qe5 29. Nxe4 Bxe4 30. Bc2 Bxc2 31. Rxc2 Bd6 32. Re2 Qg3 33. Qf6 Qg5 34. Qxg5 hxg5 35. g4 e5 36. Bh2 f6 37. Kg2 Rc8 38. Bg1 Rc4 39. Kg3 Rc3+ 40. Re3 e4+ 41. Kf2 Rc4 42. Kf1 Be5 43. Re2 a6 44. Bc5 Bd4 45. Bxd4 Rxd4 46. Rf2 e3 47. Rxf6 Rxg4 48. Ke2 d4 49. Rxa6 Rg2+ 50. Kd3 Rd2+ 51. Ke4 e2 52. Ra7+ Kh6 53. Ra6+ Kxh5 0-1

[Event "Chojnice op-A"]
[Site "Chojnice"]
[Date "2005.07.19"]
[Round "6"]
[White "Jaroch, Pawel"]
[Black "Michalska, Maria"]
[Result "1/2-1/2"]
[WhiteElo "2158"]
[BlackElo "2076"]
[PlyCount "56"]
[EventDate "2005.07.16"]
[EventType "swiss"]
[EventRounds "9"]
[EventCountry "POL"]
[SourceTitle "CBM 107 Extra"]
[Source "ChessBase"]
[SourceDate "2005.09.01"]
[SourceVersion "1"]
[SourceVersionDate "2005.09.01"]
[SourceQuality "1"]

1. c4 Nf6 2. Nc3 g6 3. g3 Bg7 4. Bg2 0-0 5. e4 e5 6. Nge2 d6 7. 0-0 Be6 8. d3 Qd7 9. f4 Nc6 10. Rb1 Ne8 11. b4 f5 12. b5 Ne7 13. exf5 Bxf5 14. Bxb7 Rb8 15. Bg2 exf4 16. Bxf4 Nf6 17. Qd2 Bh3 18. d4 Bxg2 19. Kxg2 d5 20. c5 Nf5 21. Kh1 Rbe8 22. a4 Ne4 23. Nxe4 Rxe4 24. Be5 Bxe5 25. dxe5 Rxe5 26. c6 Qd6 27. Nd4 Ne3 28. Rxf8+ Qxf8 1/2-1/2